[Event "Challenge"]
[Site "http://www.queenalice.com/game.php?id=1162769"]
[Date "2013.3.20"]
[Round "-"]
[White "principio1"]
[Black "nbauer"]
[Result "1-0"]
[WhiteElo "1347"]
[BlackElo "1098"]

1. d4 d5 2. Nf3 Nc6 3. Nc3 f5 4. Ng5 h6 5. Nf3 b6 6. e3 Nf6 7. Bd3 e6 8. O-O a5
9. Nb5 h5 10. Bd2 Nb4 11. Ne5 Rh6 12. c3 Na6 13. Nc6 Qd7 14. Ne5 c6 15. Nxd7
Bxd7 16. Na3 h4 17. Qb3 Nh5 18. Qxb6 f4 19. Qb7 Rb8 20. Qxa6 Rxb2 21. Rfd1 Rg6
22. Qa8+ Ke7 23. Qxa5 fxe3 24. Bxe3 h3 25. Bxg6 Nf6 26. Qc5+ Kd8 27. Qb6+ Ke7
28. Qxb2 hxg2 29. Qb7 Ne4 30. Re1 Nxc3 31. Bg5+ Kd6 32. Qb8# 1-0

[Event "Challenge"]
[Site "http://www.queenalice.com/game.php?id=1162771"]
[Date "2013.3.20"]
[Round "-"]
[White "nbauer"]
[Black "principio1"]
[Result "0-1"]
[WhiteElo "1127"]
[BlackElo "1353"]

1. e4 e5 2. Nc3 d6 3. d3 Nf6 4. Nf3 h6 5. b3 Be7 6. g3 Ng4 7. h3 Nf6 8. h4 Ng4
9. Nb5 a6 10. Na3 O-O 11. h5 Be6 12. Nd2 Nc6 13. Bh3 Nd4 14. Bxg4 Qd7 15. f3 Bg5
16. Ndc4 Bxg4 17. fxg4 f6 18. Bb2 c5 19. c3 Nc6 20. d4 b5 21. Nb6 Qb7 22. d5
Qxb6 23. dxc6 Qxc6 24. Bc1 Qxe4+ 25. Qe2 Qxh1+ 26. Qf1 Qe4+ 27. Qe2 Qxe2+ 28.
Kxe2 Bxc1 29. Rxc1 Rfd8 30. Nc2 d5 31. Ne3 d4 32. g5 hxg5 33. h6 gxh6 34. Nf5
Kh7 35. Rh1 dxc3 36. Rxh6+ Kg8 37. Ne7+ Kg7 38. Nf5+ Kg8 39. Rxf6 Rd2+ 40. Ke3
Rxa2 41. Ne7+ Kg7 42. Rg6+ Kf7 43. Rxg5 Kxe7 44. Rxe5+ Kd6 45. Re4 c2 0-1

[Event "Ready again..."]
[Site "http://www.queenalice.com/game.php?id=1167242"]
[Date "2013.4.2"]
[Round "-"]
[White "nbauer"]
[Black "Burianski"]
[Result "0-1"]
[WhiteElo "1100"]
[BlackElo "1571"]

1. e4 e5 2. f4 exf4 3. Nf3 d5 4. Bd3 Nf6 5. h4 dxe4 6. Bc4 exf3 7. Qxf3 Qd4 8.
d3 Bg4 9. Qf1 Qe5+ 10. Kd2 Bb4+ 11. c3 Bc5 12. d4 Bxd4 13. Bb5+ c6 14. Ba4 Be3+
15. Kc2 Qe4+ 16. Kb3 Be6+ 17. c4 Nh5 18. Nc3 Qd4 19. g3 Nxg3 20. Qf3 Qxc4+ 21.
Kc2 Bf5+ 22. Kd1 Qd3+ 0-1

[Event "Someday, maybe..."]
[Site "http://www.queenalice.com/game.php?id=1168393"]
[Date "2013.4.5"]
[Round "-"]
[White "nbauer"]
[Black "Burianski"]
[Result "0-1"]
[WhiteElo "1115"]
[BlackElo "1573"]

1. e4 e5 2. f4 exf4 3. Nf3 d5 4. Nc3 dxe4 5. Nxe4 Bf5 6. Neg5 f6 7. Nh3 Qe7+ 8.
Be2 Nh6 9. O-O Qc5+ 10. d4 Qd5 11. c4 Qe4 12. Nd2 Qxd4+ 13. Nf2 Nd7 14. Bh5+ g6
15. Bf3 c6 16. Qe2+ Be7 17. Re1 Ne5 18. a4 Nhg4 19. Rf1 O-O-O 20. Ra3 Bxa3 21.
Nb3 Qxc4 22. Nd2 Nxf3+ 23. gxf3 Qxe2 24. bxa3 Rd3 0-1

[Event "Futility"]
[Site "http://www.queenalice.com/game.php?id=1168465"]
[Date "2013.4.5"]
[Round "-"]
[White "nbauer"]
[Black "tabierosd"]
[Result "0-1"]
[WhiteElo "1113"]
[BlackElo "1774"]

1. e4 e6 2. d4 d5 3. Nc3 Nf6 4. Nf3 Bb4 5. Ne5 c5 6. a3 Ba5 7. dxc5 Qc7 8. Bf4
Nbd7 9. Bb5 a6 10. Bxd7+ Bxd7 11. O-O Qxc5 12. Re1 Bb6 13. Re3 d4 14. b4 Qd6 15.
Rg3 O-O-O 16. Rxg7 Nxe4 17. Nxe4 Qd5 18. Qe2 Bc6 19. f3 d3+ 20. Qe3 Bxe3+ 21.
Bxe3 Qxe5 22. cxd3 Qxa1+ 23. Kf2 Qb2+ 24. Bd2 Bxe4 25. Ke3 Qd4+ 26. Ke2 Qxd3+
0-1

[Event "I just pouted"]
[Site "http://www.queenalice.com/game.php?id=1169856"]
[Date "2013.4.9"]
[Round "-"]
[White "nbauer"]
[Black "Burianski"]
[Result "0-1"]
[WhiteElo "1120"]
[BlackElo "1575"]

1. e4 e5 2. f4 exf4 3. Nf3 d5 4. e5 f6 5. g3 fxg3 6. hxg3 Qe7 7. Nc3 Qe6 8. d4
Nc6 9. Be2 fxe5 10. Be3 Qg4 11. Rg1 e4 12. Nxd5 Qd7 13. c4 exf3 14. Bxf3 Nf6 15.
Rf1 Bb4+ 16. Kf2 Ba5 17. Rh1 Qf7 18. Rh4 Qg6 19. Nxc7+ Bxc7 20. d5 Bxg3+ 21. Ke2
Bxh4 22. Qh1 Qg3 23. Rg1 Qh3 24. Bc5 Qxh1 25. Rxh1 b6 26. Be3 Bg3 27. Bg5 Nd4+
28. Ke3 Nxf3 29. Kxf3 Be5 30. Re1 Bg4+ 31. Kf2 Nd7 32. Rg1 h6 33. Bh4 Bf5 34. b4
Bd4+ 35. Ke2 Bxg1 0-1